000 01165nam a2200157Ia 4500
005 20260209120126.0
008 260209s9999||||xx |||||||||||||| ||und||
100 _aIrfan Rasool
245 0 _aConstitution of India : a human right document
260 _aBangaloreBangalore
_bNLSIU
_c2009
300 _a280 p. ; 25 cm.
505 _aINDEX Certificate; Declaration; Acknowledgement; List of Abbreviations; List of Case laws; List of Statutes; Chapterisation; Chapter I Introduction; Chapter II Human Rights: The Ancient Indian Dimension; Chapter III Human rights: An Evolutionary View; Chapter IV Human Rights Dimensions of Indian Constitution Fundamental Rights; Chapter V Human Rights Dimensions of Indian Constitution Directive Principles of State Policy; Chapter VI Indian Constitution and the Judiciary; Chapter VII Indian Constitution and the Judiciary: A Critical Analysis; Chapter VIII Conclusion; Documents on Annexure; Bibliography
650 _aHuman Rights - India - Constitution Indian Constitution - Judiciary - Critical Analysis
700 _aProf. T Devidas - GuideProf. T Devidas - Guide
856 _uhttps://dans.nls.ac.in/handle/123456789/2013
999 _c216879
_d216879